000 00333nam a2200133Ia 4500
008 240624s9999 xx 000 0 und d
041 _aeng
082 _a200 DUR
100 _aDURKHEIM EMILE
245 _aELEMENTARY FORMS OF THE RELIGIOUS LIFE
260 _c2008
_aLondon
_bDover Publications
300 _a480 : p.
365 _c
_b26
999 _c20933
_d20933